Psiquiatría antropológica: Contribuciones a una psiquiatría de orientación fenomenológica antropológica
Guardat en:
| Autor principal: | |
|---|---|
| Format: | Llibre |
| Idioma: | espanyol |
| Publicat: |
Santiago
Universitaria
1995
|
| Col·lecció: | El Mundo de las Ciencias
|
| Matèries: | |
| Etiquetes: |
Afegir etiqueta
Sense etiquetes, Sigues el primer a etiquetar aquest registre!
|
MARC
| LEADER | 00000nam a2200000 a 4500 | ||
|---|---|---|---|
| 001 | UCU4314 | ||
| 003 | CL-VaPUC | ||
| 008 | 960517e19950000CL |||||||||||||||||spa|d | ||
| 082 | 0 | 4 | |a 616.89 |b DOR |2 21 |
| 100 | 0 | |a Dörr, Otto |e author |9 361848 | |
| 245 | 1 | 0 | |a Psiquiatría antropológica: Contribuciones a una psiquiatría de orientación fenomenológica antropológica |
| 300 | |a 512 p | ||
| 942 | |c BK | ||
| 945 | |d 19960517 00:00:00 |a rbrito | ||
| 260 | |a Santiago |b Universitaria |c 1995 | ||
| 650 | 0 | |a Psiquiatría |9 308427 | |
| 650 | 0 | |a Psicología |9 257863 | |
| 650 | 0 | |a Depresión |9 334267 | |
| 650 | 0 | |a Esquizofrenia |9 312163 | |
| 650 | 0 | |a Epilepsia |9 334738 | |
| 650 | 0 | |a Enfermedades mentales |9 310204 | |
| 583 | |a last modification |c 19960517 00:00:00 |k Rodrigo Vera | ||
| 490 | 0 | |a El Mundo de las Ciencias | |
| 999 | |c 248062 |d 248060 | ||
| 952 | |0 0 |1 0 |4 0 |6 616_890000000000000_DOR_1995 |7 0 |8 A |9 264411 |a BIBEDU |b BIBEDU |d 2019-11-19 |i 320104K |l 2 |o 616.89 DOR 1995 |p 320104K |r 2024-05-07 |s 2024-05-02 |w 2019-11-19 |y BK |k PSI | ||